Las guerras de la posguerra / (Record no. 130853)

MARC details
000 -LEADER
campo de control de longitud fija 00882nam a2200241 i 4500
001 - NÚMERO DE CONTROL
campo de control 130853
003 - IDENTIFICADOR DE NÚMERO DE CONTROL
campo de control ES-MaACL
005 - FECHA Y HORA DE LA ÚLTIMA TRANSACCIÓN
campo de control 20240228185852.0
007 - CAMPO FIJO DE DESCRIPCIÓN FÍSICA--INFORMACIÓN GENERAL
campo de control de longitud fija t|
008 - DATOS DE LONGITUD FIJA--INFORMACIÓN GENERAL
campo de control de longitud fija 070810s1978 sp ||||1| spa d
100 1# - ENTRADA PRINCIPAL--NOMBRE DE PERSONA
Nombre de persona Zentner, Christian.
9 (RLIN) 118188
245 14 - MENCIÓN DEL TÍTULO
Título Las guerras de la posguerra /
Mención de responsabilidad, etc. Christian Zentner ; [traducción de Antonio Tomás Todolí y José M. Pomares].
260 ## - PUBLICACIÓN, DISTRIBUCIÓN, ETC.
Lugar de publicación, distribución, etc. Barcelona :
Nombre del editor, distribuidor, etc. Bruguera,
Fecha de publicación, distribución, etc. [1978]
300 ## - DESCRIPCIÓN FÍSICA
Extensión 2 v. ;
Dimensiones 27 cm.
490 1# - MENCIÓN DE SERIE
Mención de serie Grandes guerras de nuestro tiempo
505 8# - NOTA DE CONTENIDO CON FORMATO
Nota de contenido con formato Contiene: I: Conflictos armados de 1945 a 1959 .-- II: Conflictos armados de 1959 a 1973
650 14 - PUNTO DE ACCESO ADICIONAL DE MATERIA--TÉRMINO DE MATERIA
Término de materia o nombre geográfico como elemento de entrada Historia militar-
Subdivisión cronológica S.XX.
9 (RLIN) 13419
700 1# - ENTRADA AGREGADA--NOMBRE PERSONAL
Nombre de persona Tomás Todolí, Antonio.
9 (RLIN) 110530
700 0# - ENTRADA AGREGADA--NOMBRE PERSONAL
Nombre de persona Pomares, José M.,
Fechas asociadas al nombre 1943-
9 (RLIN) 92903
830 0# - PUNTO DE ACCESO ADICIONAL DE SERIE-TÍTULO UNIFORME
Título uniforme Grandes guerras de nuestro tiempo
9 (RLIN) 186848
852 ## - LOCALIZACIÓN
Ubicación ES-MaACL
Número de control de estantería A-9406-7
Sublocalización o colección R.98010
Holdings
Estatus retirado Estado de pérdida Estado de daño No para préstamo Biblioteca de origen Biblioteca actual Ubicación en estantería Fecha de adquisición Fuente de adquisición Total de préstamos Signatura topográfica completa Código de barras Visto por última vez Precio de reemplazo Tipo de ítem Koha
        Biblioteca del Ateneo de Madrid Biblioteca del Ateneo de Madrid Depósito 1 17/01/2008     A-9406-7 1136237 23/02/2023 23/02/2023 Libro impreso